[Event "Haninge m"]
[Site "Haninge"]
[Date "1993.??.??"]
[Round "1"]
[White "Andersson, Ulf"]
[Black "Hellers, Ferdinand"]
[Result "1-0"]
[WhiteElo "2625"]
[BlackElo "2565"]
[Annotator "Wedberg,T"]
[PlyCount "79"]
[EventDate "1993.??.??"]
[EventType "match"]
[EventRounds "4"]
[EventCountry "SWE"]
[SourceTitle "CBM 036"]
[Source "ChessBase"]
[SourceDate "1993.10.01"]
[SourceVersion "1"]
[SourceVersionDate "1993.10.01"]
[SourceQuality "1"]

1. d4 Nf6 2. Nf3 g6 3. Bg5 Bg7 4. Nbd2 O-O 5. c3 d5 6. e3 Nbd7 7. Be2 Re8 8.
O-O e5 9. c4 exd4 10. Nxd4 Nc5 11. Qc2 c6 12. Rad1 (12. Bf3) 12... Ne6 $1 13.
Nxe6 Bxe6 14. Nb3 Qb6 15. Nd4 Ne4 16. Bf4 Rac8 17. Bf3 Bd7 18. h3 c5 $6 (18...
a6 {/\ c5}) 19. Nb5 $1 Bxb5 (19... Bf5 20. Rxd5 Ng3 21. Rxf5 Nxf5 22. Bg4 Be5
$16) 20. cxb5 Rcd8 21. Bxe4 dxe4 22. a4 a6 23. bxa6 bxa6 24. b3 Qb4 $2 (24...
Qe6 $1 25. Rxd8 Rxd8 26. Rd1 Rxd1+ 27. Qxd1 h6 28. a5 c4 $10) 25. Rxd8 Rxd8 26.
Rd1 $1 Rxd1+ 27. Qxd1 h6 28. Qd8+ Kh7 29. Qd5 $1 Kg8 30. g4 $1 Qc3 31. Kg2 (31.
Bd6 Bf8 32. Qa8 $18) 31... Qc2 (31... Bf8 32. Qd8 $1) (31... Qd3 32. Qxd3 exd3
33. Kf1 $18) 32. a5 $1 Qd3 33. Qxc5 Qd1 $2 (33... Qe2 $5 $18) 34. Qc8+ Kh7 35.
Qxa6 Qf3+ 36. Kg1 Qd1+ 37. Qf1 Qxb3 38. a6 Qa4 39. Bc7 Bf8 40. Bb6 1-0

[Event "Corus"]
[Site "Wijk aan Zee"]
[Date "2001.01.18"]
[Round "5"]
[White "Timman, Jan H"]
[Black "Shirov, Alexei"]
[Result "0-1"]
[WhiteElo "2629"]
[BlackElo "2718"]
[Annotator "Wells,P"]
[PlyCount "130"]
[EventDate "2001.01.13"]
[EventType "tourn"]
[EventRounds "13"]
[EventCountry "NED"]
[EventCategory "19"]
[SourceTitle "CBM 081"]
[Source "ChessBase"]
[SourceDate "2001.03.20"]
[SourceVersion "1"]
[SourceVersionDate "2001.03.20"]
[SourceQuality "1"]

{[%mdl 1]} 1. d4 d5 2. Nf3 Nf6 3. Bg5 Ne4 4. Bh4 c5 5. dxc5 Nc6 6. e3 g6 7.
Nbd2 Nxc5 8. Nb3 Bg7 9. c3 Ne4 10. Bd3 O-O 11. Bxe4 dxe4 12. Qxd8 Rxd8 13. Nfd4
{[%csl Yd4][%cal Gc6e5,Ge5d3]} Ne5 $1 {[%csl Rb2][%cal Ge5d3][%mdl 512] An
sacrifice which a player of Shirov's class would instinctively know is the
only way to keep his forces active. The exchange on d4 is clearly bad. Such a
structure would rob the bishop pair of its dynamic potential, and leave
black's structural weaknesses as the dominant factor.} (13... Nxd4 14. cxd4 {
[%csl Yb3,Yh4][%cal Gb3c5,Gb3d2,Ya1c1,Yc1c7]}) 14. Bxe7 Re8 15. Ba3 Nd3+ 16.
Ke2 b6 $132 {[%cal Gc8a6]} 17. f4 a5 18. Nc1 b5 $1 {[%csl Ra3][%cal Gb5b4]
Despite black's activity, it is difficult to achieve anything concrete without
opening lines. Black's conduct of the attack is extremely instructive.} 19.
Nxb5 Ba6 20. c4 {[%cal Gg7b2] A level of activity for the g7 bishop hitherto
in the realm of dreams. Here one half of the bishop pair lays down its life
for the other, and the remaining forces combine with great efficiency.} Bxb5
21. cxb5 Rac8 22. Rd1 Rc2+ 23. Kf1 Rf2+ 24. Kg1 Nxb2 $44 25. Re1 Rc2 26. Bxb2
Rxb2 27. a4 Rc8 28. Kf1 Bc3 29. Rd1 Bb4 30. Na2 Bd2 31. Rdb1 Rcc2 32. Rxb2 Rxb2
33. Nc1 Bxe3 34. Ne2 f5 35. g3 Kf7 36. Ra3 Rb1+ 37. Kg2 Bb6 38. Ra2 Ke6 39. Rc2
Kd7 40. Rc6 Be3 41. h4 Rb2 42. Kf1 Rb1+ 43. Kg2 Rb4 44. h5 gxh5 45. Rh6 Rxa4
46. Rxh7+ Kd6 47. Rxh5 Ra2 48. Kf1 Ra1+ 49. Kg2 Ra2 50. Kf1 Ra1+ 51. Kg2 Re1
52. Nc3 Rg1+ 53. Kh2 Rc1 54. Rh6+ Kd7 55. Rh7+ Ke6 56. Rh6+ Kd7 57. Rh7+ Ke6
58. Rh6+ Kf7 59. Rc6 Rc2+ 60. Kh3 Bg1 61. Kh4 Bd4 62. Nd5 Rxc6 63. bxc6 Ke6 64.
Nc7+ Ke7 65. Nb5 Bb2 0-1

[Event "Monaco m"]
[Site "Monte Carlo"]
[Date "1997.09.15"]
[Round "5"]
[White "Piket, Jeroen"]
[Black "Van Wely, Loek"]
[Result "1-0"]
[WhiteElo "2630"]
[BlackElo "2655"]
[Annotator "Winants,L"]
[PlyCount "63"]
[EventDate "1997.09.10"]
[EventType "match"]
[EventRounds "8"]
[EventCountry "MNC"]
[SourceTitle "CBM 061"]
[Source "ChessBase"]
[SourceDate "1997.11.23"]
[SourceVersion "1"]
[SourceVersionDate "1997.11.23"]
[SourceQuality "1"]

1. d4 Nf6 2. Nf3 e6 3. Bg5 {L'attaque Torre, l'une des spécialités de Piket.}
c5 4. e3 d5 5. Nbd2 Nc6 {Aussi curieux que cela puisse paraître, ce coup ne
jouit pas d'une très bonne réputation. Tigran Petrosian, qui avait l'habitude
de jouer cette ouverture des deux côtés, préférait généralement mobiliser ce
Cavalier en d7. D'une part, pour éviter de gêner l'action ultérieure du Bb7
sur la diagonale a8-h1, et de l'autre, pour prendre le contrôle du point e4 
(Nxc5) après un éventuel échange en c5.} ({Un exemple célèbre:} 5... Be7 6. c3
Nbd7 7. Bd3 b6 8. O-O Bb7 9. Ne5 Nxe5 10. dxe5 Nd7 11. Bf4 ({Aujourd'hui, la
théorie recommande} 11. Bxe7 Qxe7 12. f4) 11... Qc7 12. Nf3 h6 13. b4 g5 14.
Bg3 h5 15. h4 gxh4 16. Bf4 O-O-O 17. a4 c4 $3 18. Bc2 a6 $1 {et étant parvenus
а bloquer le flanc-Dame, les Noirs remportèrent une brillante victoire а
l'aile-Roi. Spassky-Petrosian, championnat du monde de 1966}) 6. c3 Bd6 {
[%csl Ge4,Rf6][%cal Gh4d8,Ye3e4] Encore un choix discutable: de d6, le Fou
surveille la case й5, mais favorise une percée adverse sur й4, en laissant le
Nf6 cloué.} 7. Bd3 O-O 8. O-O h6 9. Bh4 {[#]} Re8 {Une nouveauté semble-t-il.}
({Voici quelques variantes qui illustrent les inconvénients du coup 9...й5:} 
9... e5 10. e4 $1 exd4 (10... g5 11. Nxg5 hxg5 (11... exd4 12. Nh7 $1 $18 {
Franke-Vadasz Boblingen op 1985}) 12. Bxg5 dxe4 (12... Be7 13. Bxf6 Bxf6 14.
exd5 Qxd5 15. Qh5) (12... exd4 13. exd5 Ne5 14. Ne4 Be7 15. d6) 13. Nxe4 Be7
14. Nxf6+ Bxf6 15. Qh5 Re8 16. Qh7+ Kf8 17. Bc4 Be6 18. Bxe6 Rxe6 19. d5 $1)
11. exd5 dxc3 12. Ne4 cxb2 13. Nxf6+ gxf6 14. Qd2 $1 {Avec un assaut
terrifiant. Tseitlin-Rogulj, Lodz 1980}) 10. dxc5 Bxc5 11. e4 dxe4 12. Bxe4 {
[%csl Ge5][%cal Ye4c6,Yf3e5] Une décision originale. Piket projette de céder
la paire de Fous pour disperser les pions ennemis et ouvrir l'avant poste й5
au Nf3.} Be7 {Faute avouée а moitié pardonnée!} 13. Bxc6 bxc6 14. Ne5 Qd5 15.
Ndf3 Rb8 16. b3 c5 {On comprend mieux désormais l'intérêt de la stratégie
blanche. En c6, ce fantassin fermait les diagonales du Bc8. Maintenant ils
obstrue celles du Be7.} 17. c4 Qa8 18. Qe2 a5 19. Ne1 {[%csl Rc5][%cal Ye1d3]
En route vers d3, afin d'assiéger le pion isolé c5.} Bf8 {Un coup maladroit.
Van Wely souhaitait vraisemblablement proposer de nouvelles simplifications.} (
{Mais} 19... Qe4 $2 {joué immédiatement était simplement réfuté par} 20. Qxe4
Nxe4 21. Bxe7 Rxe7 22. Nc6 {gagnant la qualité.}) ({Toutefois, le recul du Fou
entraîne aussi un affaiblissement du roque et il valait donc mieux se
contenter de} 19... a4 20. N1d3 Bb7 21. f3 Qa5 {avec seulement un petit
avantage pour les Blancs.}) 20. Bxf6 gxf6 21. Ng4 ({Tentant mais insuffisant
était} 21. Nxf7 Kxf7 ({non pas} 21... Qa7 22. Nxh6+ Bxh6 23. Qh5 {[%csl Re8,
Rh6] avec attaque double}) 22. Qh5+ Ke7 23. Qxc5+ Kf7 24. Qh5+ Ke7 25. Qc5+ (
25. Rd1 Bg7) 25... Kf7 {avec répétition des coups.}) 21... Bg7 22. Qe3 {
[%csl Rc5,Rh6]} f5 (22... Kh7 23. Qxc5) 23. Nxh6+ $1 Kh7 {[#]} 24. Nxf7 $3 {
Une conception splendide!} ({Remarquez que} 24. Nxf5 {aurait tout au plus
amené la nullité après} Bxa1 25. Qh6+ Kg8 26. Qg5+ $11) 24... Bxa1 25. Qh6+ Kg8
26. Qg6+ Kf8 {Forcé.} ({Si} 26... Bg7 27. Nh6+ Kh8 28. Qxe8+ Kh7 29. Nf7 $18)
27. Nf3 {[%csl Re6,Rf7,Rh7][%cal Yf3g5] La pointe des coups précédents. La
cavalerie arrive au grand galop pour molester le Roi noir.} Bg7 {Une faute
instructive. En imaginant un Cavalier en g5, on s'aperçoit aisément que
l'offensive est surtout dirigée vers les cases blanches (e6, f7 et h7). C'est
pourquoi l'arrivée de renforts sur cases noires ne sert а rien, sinon а
augmenter le nombre de cibles. Il fallait donc maintenir le Fou а distance
respectable des forces ennemies.  Voici quelques variantes. Elles permettront
également d'établir la correction du sacrifice.} ({I.} 27... Bd4 $2 28. Nd6 Re7
29. Nxd4 cxd4 30. Qf6+) ({II.} 27... Qa7 28. N3g5 (28. Nd6 Rd8 29. Nxc8 Qg7 {
ne serait guère convaincant.}) 28... Bd4 (28... Bc3 29. Rd1 $1) 29. Rd1 {
menaçant 30.Rxd4 cxd4 31.Qf6.} Ke7 (29... Rb6 30. Rxd4 cxd4 31. Nh6 Qg7 32.
Nh7+ Qxh7 33. Qf6+ $1) 30. Ne5 Qb7 (30... Qb6 31. Ngf3) 31. Ngf3 (31. Qg7+ $2
Kd6) (31. Qf7+ Kd8 (31... Kd6 32. Qxe8 Kxe5 33. Qd8 {suivi de Re1 avec mat
rapide.}) 32. Qf6+ Kc7 33. Qf7+ Kd8 (33... Kb6 34. Qxe8 Bxe5 35. Qb5+ Ka7 36.
Qxa5+ Qa6 37. Qxc5+) 34. Qf6+ Kc7 35. Qf7+ {échec perpétuel}) 31... Kf8 (31...
Bxe5 {reviendrait au même.}) 32. Nxd4 cxd4 (32... Qg7 33. Ndc6 Ra8 34. Qxe8+ $1
Kxe8 35. Rd8#) 33. Qf6+ Kg8 34. Rd3 {et le mat est imminent.}) ({III.} 27...
Bc3 28. Rd1 {menaçant mat en trois coups via 29.Nh6} (28. N3e5 Bxe5 29. Nxe5
Qb7 30. Qf6+ Kg8 31. Qg6+ Kf8 32. Qf6+ {échec perpétuel}) 28... Rb7 $1 29. N3g5
Rd7 $1 ({si} 29... Bd4 30. Rxd4 cxd4 31. Qf6) ({ou} 29... Ke7 30. Ne5 Bd4 31.
Qf7+ Kd6 32. Qxe8 Kxe5 33. Re1+ Kf6 34. Rxe6+ Bxe6 35. Qxa8) 30. Rxd7 Bxd7 31.
Ne5 Ke7 32. Qf7+ Kd6 33. Qxd7+ Kxe5 34. Qg7+ Kd6 (34... Kf4 35. Nxe6+ Rxe6 36.
Qg3+ Ke4 37. Qe3#) 35. Qxc3 {et avec deux pions pour la qualité, les Blancs
ont tous les atouts en main.}) 28. N3g5 Re7 (28... Bd4 29. Rd1 {serait
similaire aux variantes précédentes.}) 29. Rd1 $1 {[%cal Rd1d8] Le coup de
grâce. La Tour vient empêcher la fuite du Roi noir vers le flanc Dame, et
menace en même temps de s'infiltrer en d8} Bb7 {Plus rien ne pouvait sauver
les Noirs:} (29... Bd7 30. Nh7+ Ke8 31. Nf6+ Kf8 (31... Bxf6 32. Qg8#) 32. Nh6
{[%cal Rf6h7] le mat est inévitable.}) (29... Re8 30. Nh6 {[%cal Rg6f7,Rg5h7]
pareil}) (29... Rd7 30. Nd6 Re7 (30... Bb7 31. Nh7+ Kg8 32. Nf6+) 31. Nxf5 $1 {
[%cal Rd1d8]} Bd4 32. Rxd4 cxd4 33. Qf6+ {et le mat suit.}) 30. Nh7+ Kg8 31.
Nf6+ Kf8 32. Ng5 ({Ce coup mène effectivement а Rome:} 32. Ng5 {[%cal Rg5h7]
sinon Ngh7#} Bxf6 33. Qxf6+ Kg8 (33... Ke8 34. Qh8#) 34. Qxe7 {et mat en deux
coups.}) ({Toutefois,} 32. Nh6 $1 {[%cal Rf6h7] était encore plus rapide.}) 1-0

[Event "Belgrade GMA op"]
[Site "Belgrade"]
[Date "1988.??.??"]
[Round "?"]
[White "Ye, Rongguang"]
[Black "Tseshkovsky, Vitaly"]
[Result "1-0"]
[WhiteElo "2375"]
[BlackElo "2505"]
[Annotator "Ye,Rongguang"]
[PlyCount "67"]
[EventDate "1988.12.??"]
[EventType "swiss"]
[EventRounds "9"]
[EventCountry "YUG"]
[SourceTitle "TD"]
[Source "ChessBase"]
[SourceDate "1994.03.01"]
[SourceVersion "1"]
[SourceVersionDate "1994.03.01"]
[SourceQuality "1"]

1. d4 Nf6 2. Nf3 g6 3. c3 Bg7 4. Bg5 d5 5. Nbd2 Nbd7 (5... O-O) 6. e3 O-O 7.
Be2 Re8 8. O-O e5 9. c4 e4 (9... exd4 10. Nxd4 c6 11. Rc1 $14) (9... c6 10. Rc1
$14) 10. Ne1 c5 $5 11. Nc2 $1 cxd4 12. Nxd4 Nc5 $1 13. Bh4 $1 (13. Rc1 Ne6 $1
14. Nxe6 fxe6 $13) 13... dxc4 14. Nxc4 b6 15. Bg3 Bd7 (15... Ba6 16. Nd6 Bxe2
17. Qxe2 Rf8 18. h3 $1 Nh5 19. Bh2 $16) 16. Rc1 Ne6 17. Nd6 Nxd4 18. exd4 Re7
19. d5 $1 a6 20. Qb3 Bg4 21. Bxg4 Nxg4 22. h3 Nf6 (22... Nh6 23. Rfe1 $16) 23.
Rc6 $1 h6 (23... b5 24. Rfc1 Qd7 25. Nc8 Re8 26. Nb6 $18) 24. Rfc1 Kh7 25. Nc8
Rb7 26. d6 $1 Nh5 (26... Ng8 27. Rc7 $1 Rxc7 28. Rxc7 Rxc8 29. Qxf7 Rxc7 30.
dxc7 Qe7 (30... Qc8 31. Be5) (30... Qd1+ 31. Kh2 Qc1 32. Qd7) 31. Qc4 $18) 27.
Ne7 Nxg3 28. fxg3 Bd4+ 29. Kh2 Kg7 30. Qd5 $1 Bxb2 (30... Rxe7 31. Qxd4+ Kh7
32. Rc8 $1 Rxc8 33. Rxc8 Qxc8 34. dxe7 $18) (30... Bc5 31. R6xc5 $18) 31. Rc8
Rxc8 32. Rxc8 Qd7 33. Rg8+ Kf6 34. Rf8 1-0